[Event "3rd Al Ain Chess Classic"]
[Site "Al-Ain UAE"]
[Date "2014.12.19"]
[Round "1.24"]
[White "Asadli, Vugar"]
[Black "Kravtsiv, Martyn"]
[Result "1/2-1/2"]
[WhiteTitle "CM"]
[BlackTitle "GM"]
[WhiteElo "2043"]
[BlackElo "2576"]
[WhiteFideId "13405764"]
[BlackFideId "14113147"]
[EventDate "2014.12.19"]

1. e4 e5 2. Nf3 Nc6 3. d4 exd4 4. Nxd4 Nf6 5. Nc3 Bb4 6. Nxc6 bxc6 7. Bd3 O-O 8.
O-O Re8 9. Qf3 Bd6 10. Bf4 Bxf4 11. Qxf4 d6 12. Rae1 Ng4 13. Be2 Ne5 14. Qd2 c5
15. f4 Nc6 16. Bc4 Rb8 17. b3 Be6 18. Bd3 f6 19. Bb5 Rb6 20. Re3 Kh8 21. Ba4 Bd7
22. Nd5 Rb8 23. f5 Ne5 24. Bxd7 Qxd7 25. Nf4 Nf7 26. Rfe1 1/2-1/2

[Event "3rd Al Ain Chess Classic"]
[Site "Al-Ain UAE"]
[Date "2014.12.19"]
[Round "1.25"]
[White "Baryshpolets, Andrey"]
[Black "Tagelsir, Abubaker"]
[Result "0-1"]
[WhiteTitle "GM"]
[BlackTitle "FM"]
[WhiteElo "2566"]
[BlackElo "2029"]
[WhiteFideId "14117207"]
[BlackFideId "12200875"]
[EventDate "2014.12.19"]

1. d4 d5 2. c4 c6 3. Nf3 Nf6 4. Qc2 dxc4 5. Qxc4 Bf5 6. g3 e6 7. Bg2 Nbd7 8. O-O
Be7 9. e3 h6 10. Rd1 Qc7 11. Qe2 O-O 12. h3 e5 13. Nc3 Rfe8 14. e4 Bh7 15. dxe5
Nxe5 16. Bf4 Nxf3+ 17. Qxf3 Qc8 18. e5 Nd7 19. h4 Nf8 20. Rac1 Bf5 21. Rd2 Qe6
22. Ne2 Bg4 23. Qe4 Bxe2 24. Rxe2 Qxa2 25. b4 Qe6 26. b5 cxb5 27. Qxb7 b4 28.
Bd5 Qg4 29. f3 Qg6 30. Rc7 Rab8 31. Qxa7 Qb6+ 32. Qxb6 Rxb6 33. Be3 Rbb8 34. Ba7
Rbd8 35. Bb3 Ne6 36. Bxe6 fxe6 37. Rb7 Bf8 38. Rc2 Re7 39. Rxe7 Bxe7 40. Kf1 Rd5
41. f4 b3 42. Rc8+ Rd8 43. Rxd8+ Bxd8 44. Bd4 Bb6 45. Bb2 h5 46. Kg2 Kf7 47. g4
Kg6 48. Kf3 Ba5 49. f5+ exf5 50. gxh5+ Kf7 51. Ke3 Ke6 52. Kd4 Bc7 0-1

[Event "3rd Al Ain Chess Classic"]
[Site "Al-Ain UAE"]
[Date "2014.12.19"]
[Round "1.26"]
[White "Abtini, Hasan"]
[Black "Sengupta, Deep"]
[Result "0-1"]
[BlackTitle "GM"]
[WhiteElo "1987"]
[BlackElo "2566"]
[WhiteFideId "7601506"]
[BlackFideId "5008352"]
[EventDate "2014.12.19"]

1. Nf3 d5 2. b3 Nf6 3. Bb2 Bf5 4. e3 e6 5. Be2 h6 6. O-O Bd6 7. c4 c6 8. Nc3 Bh7
9. d4 Nbd7 10. Bd3 O-O 11. Bxh7+ Nxh7 12. e4 Bb4 13. exd5 cxd5 14. a3 Bxc3 15.
Bxc3 dxc4 16. bxc4 Qc7 17. Qe2 Rfc8 18. Nd2 Qc6 19. Rfc1 Nhf6 20. a4 Qa6 21. a5
Rc7 22. Qf3 Rac8 23. Bb2 Ne8 24. Qg3 Ndf6 25. Qe5 Nd6 26. c5 Nf5 27. Nc4 Rd7 28.
Ne3 Nxe3 29. Qxe3 Rcd8 30. Qb3 Nd5 31. Qc4 Qc6 32. Qa4 Nf4 33. Qxc6 bxc6 34. Rc2
Rb7 35. g3 Nd5 36. Kg2 Rb4 37. Ra3 Rdb8 38. Ba1 a6 39. Raa2 Rb1 40. Bc3 R8b3 41.
Bd2 Rb5 42. h4 h5 43. Kf3 Kh7 44. Ke4 f6 45. Kf3 Kg6 46. Ke2 R5b3 47. Rc1 Rxc1
48. Bxc1 Nc3+ 0-1

[Event "3rd Al Ain Chess Classic"]
[Site "Al-Ain UAE"]
[Date "2014.12.19"]
[Round "1.27"]
[White "Paichadze, Luka"]
[Black "Derakhshani, Borna"]
[Result "1-0"]
[WhiteTitle "GM"]
[BlackTitle "CM"]
[WhiteElo "2561"]
[BlackElo "1979"]
[WhiteFideId "13602934"]
[BlackFideId "12518450"]
[EventDate "2014.12.19"]

1. e4 e5 2. d4 exd4 3. Qxd4 Nc6 4. Qe3 Nf6 5. Nc3 Bb4 6. Bd2 d6 7. O-O-O Be6 8.
f4 Qe7 9. Nf3 Bc5 10. Qe1 O-O-O 11. h3 Nb4 12. Kb1 d5 13. a3 d4 14. axb4 dxc3
15. bxc3 Bb6 16. f5 Bd7 17. e5 Nd5 18. c4 Nxb4 19. Bxb4 c5 20. f6 gxf6 21. exf6 1-0

[Event "3rd Al Ain Chess Classic"]
[Site "Al-Ain UAE"]
[Date "2014.12.19"]
[Round "1.28"]
[White "Nigalidze, Gaioz"]
[Black "Elmejbri, Ali A."]
[Result "1-0"]
[WhiteTitle "GM"]
[BlackTitle "FM"]
[WhiteElo "2536"]
[BlackElo "1954"]
[WhiteFideId "13603078"]
[BlackFideId "9200398"]
[EventDate "2014.12.19"]

1. d4 Nf6 2. c4 e5 3. dxe5 Ng4 4. Bf4 Nc6 5. Nf3 Bb4+ 6. Nc3 Qe7 7. Qd5 Bxc3+ 8.
bxc3 f6 9. exf6 Nxf6 10. Qd3 d6 11. e3 O-O 12. Be2 Ne4 13. Nd4 Nc5 14. Qc2 Ne5
15. O-O Bd7 16. Rad1 Ba4 17. Nb3 Rae8 18. Bg3 Kh8 19. Rd4 Bd7 20. Nxc5 dxc5 21.
Rd5 Ng6 22. Bxc7 Rf6 23. Qd2 Nf8 24. Bd6 Qe4 25. Bxf8 Bh3 26. f3 Qg6 27. Bd3 Qh6
28. Bxc5 1-0

[Event "3rd Al Ain Chess Classic"]
[Site "Al-Ain UAE"]
[Date "2014.12.19"]
[Round "1.29"]
[White "Abdulkarim, Ali"]
[Black "Malakhatko, Vadim"]
[Result "1/2-1/2"]
[BlackTitle "GM"]
[WhiteElo "1943"]
[BlackElo "2533"]
[WhiteFideId "9301640"]
[BlackFideId "14104202"]
[EventDate "2014.12.19"]

1. d4 Nf6 2. c4 e6 3. Nc3 Bb4 4. f3 d5 5. a3 Bxc3+ 6. bxc3 c5 7. cxd5 exd5 8.
Bg5 h6 9. Bf4 O-O 10. Qd2 Re8 11. e3 Nc6 12. dxc5 Qe7 13. Bd6 Qxe3+ 14. Qxe3
Rxe3+ 15. Kd2 Re8 16. Bb5 Bd7 17. Ne2 Na5 18. Rab1 Bxb5 19. Rxb5 Nc4+ 20. Ke1 b6
21. a4 Rac8 22. Kf2 bxc5 23. Bf4 Re6 24. Ng3 a6 25. Rb7 Na5 26. Rb2 Rce8 27. h4
h5 28. Bg5 Nd7 29. Nxh5 Nb6 30. Ra2 Nb3 31. Rd1 d4 32. cxd4 Nxd4 33. Ng3 Nd5 34.
Ra3 f5 35. Nxf5 Re2+ 36. Kg1 Nb4 37. Ng3 Re1+ 38. Rxe1 Rxe1+ 39. Kh2 Nd5 40. Rd3
Nb4 41. Rc3 Ne6 42. Ne4 Nd5 43. Rc2 Nb4 44. Rc3 Nd5 45. Rc2 Nb4 46. Rc3 1/2-1/2

[Event "3rd Al Ain Chess Classic"]
[Site "Al-Ain UAE"]
[Date "2014.12.19"]
[Round "1.31"]
[White "Rafee, Mohd Hayel"]
[Black "Gasanov, Eldar"]
[Result "0-1"]
[BlackTitle "GM"]
[WhiteElo "1931"]
[BlackElo "2526"]
[WhiteFideId "7603126"]
[BlackFideId "14104466"]
[EventDate "2014.12.19"]

1. e4 c5 2. Nc3 Nc6 3. f4 e6 4. Nf3 a6 5. g3 b5 6. Bg2 b4 7. Nb1 d5 8. exd5 exd5
9. c4 dxc4 10. O-O Ra7 11. Qe2+ Be7 12. Qxc4 Be6 13. Qe2 Nf6 14. d3 O-O 15. Be3
Bf5 16. Rc1 Bxd3 17. Qe1 Re8 18. Qd1 Ng4 19. Ne1 Nxe3 20. Qxd3 Nxg2 21. Qxd8
Bxd8 22. Kxg2 Re2+ 23. Kh3 Nd4 24. Rd1 Rxb2 25. Nd2 Be7 26. Nd3 Rc2 27. Ne5 Bf6
28. Ng4 Re7 29. Rac1 Rc3 30. Nb1 Rxc1 31. Rxc1 Rc7 32. Nxf6+ gxf6 33. Nd2 f5 34.
Rc4 f6 35. Nf1 Kf7 36. Ne3 Ke6 37. Rc1 a5 38. Nc4 a4 39. Re1+ Kd5 40. Nb6+ Kc6
41. Nc4 b3 42. axb3 axb3 43. Re8 Kb5 44. Nd6+ Kb4 45. Rb8+ Kc3 46. Ne8 Rc6 0-1

[Event "3rd Al Ain Chess Classic"]
[Site "Al-Ain UAE"]
[Date "2014.12.19"]
[Round "1.32"]
[White "Rahman, Ziaur"]
[Black "Walid, Anwar"]
[Result "1-0"]
[WhiteTitle "GM"]
[WhiteElo "2511"]
[BlackElo "1919"]
[WhiteFideId "10200037"]
[BlackFideId "9302271"]
[EventDate "2014.12.19"]

1. Nf3 d5 2. g3 Nf6 3. Bg2 Bg4 4. O-O Nbd7 5. d3 e5 6. Nbd2 c6 7. h3 Bh5 8. e4
Bd6 9. exd5 cxd5 10. c4 d4 11. Qc2 O-O 12. Nh4 Qc7 13. Nf5 Bc5 14. Nb3 Bg6 15.
Nh4 a5 16. Bd2 Rfb8 17. Nxg6 hxg6 18. Rac1 Be7 19. Rfe1 Nc5 20. Nxc5 Bxc5 21.
Kh2 Bb4 22. a3 Bxd2 23. Qxd2 a4 24. c5 Ra6 25. Rc4 Rc8 26. Rec1 Qd7 27. Qe2 Re6
28. Qd1 Ra6 29. Qf3 Qb5 30. Qxb7 1-0

[Event "3rd Al Ain Chess Classic"]
[Site "Al-Ain UAE"]
[Date "2014.12.19"]
[Round "1.33"]
[White "Ahmadzada, Ahmad"]
[Black "Abasov, Nijat"]
[Result "0-1"]
[WhiteTitle "CM"]
[BlackTitle "GM"]
[WhiteElo "1912"]
[BlackElo "2509"]
[WhiteFideId "13413007"]
[BlackFideId "13402960"]
[EventDate "2014.12.19"]

1. e4 c5 2. Nf3 Nc6 3. d4 cxd4 4. Nxd4 Qb6 5. Nb3 e6 6. Nc3 Nf6 7. Bd3 Be7 8.
O-O O-O 9. Be3 Qc7 10. f4 d6 11. Qf3 a6 12. Rae1 b5 13. a3 b4 14. axb4 Nxb4 15.
Nd4 Rb8 16. Bc1 Rd8 17. g4 d5 18. e5 Ne4 19. Nce2 Na2 20. Be3 Rxb2 21. f5 Bh4
22. Ng3 Nb4 23. fxe6 Bxe6 24. Kh1 Qxe5 25. Nxe6 Qxe6 26. Bd4 Nxd3 27. cxd3 Rxh2+
28. Kxh2 Bxg3+ 29. Kg2 Bxe1 30. Rxe1 Ng5 31. Qg3 Qd7 32. Qf4 Ne6 33. Qf5 h6 0-1

[Event "3rd Al Ain Chess Classic"]
[Site "Al-Ain UAE"]
[Date "2014.12.19"]
[Round "1.35"]
[White "Ahmed, Fareed"]
[Black "Mammadov, Zaur"]
[Result "0-1"]
[BlackTitle "IM"]
[WhiteElo "1911"]
[BlackElo "2505"]
[WhiteFideId "9303677"]
[BlackFideId "13401033"]
[EventDate "2014.12.19"]

1. e4 c6 2. d4 d5 3. Nc3 dxe4 4. Nxe4 Nf6 5. Nxf6+ exf6 6. c3 Bd6 7. Bd3 O-O 8.
Qc2 Re8+ 9. Ne2 h6 10. O-O Qc7 11. h3 Nd7 12. Be3 Nf8 13. c4 b6 14. Rfd1 Bd7 15.
Rab1 Rad8 16. b4 Qb8 17. a4 Qc8 18. c5 Bc7 19. b5 bxc5 20. dxc5 Bxh3 21. gxh3
Qxh3 22. Nf4 Qh4 23. Qc4 g5 24. b6 Bxf4 25. Bxf4 gxf4 26. bxa7 Qg4+ 27. Kh2 Re5 0-1

[Event "3rd Al Ain Chess Classic"]
[Site "Al-Ain UAE"]
[Date "2014.12.19"]
[Round "1.36"]
[White "Ankit, R. Rajpara"]
[Black "Ahadzade, Kanan"]
[Result "1-0"]
[WhiteTitle "GM"]
[WhiteElo "2494"]
[BlackElo "1909"]
[WhiteFideId "5023335"]
[BlackFideId "13405640"]
[EventDate "2014.12.19"]

1. d4 d5 2. Nf3 Nf6 3. e3 c6 4. c4 Bg4 5. Nc3 e6 6. h3 Bh5 7. g4 Bg6 8. Ne5 Nbd7
9. Nxg6 hxg6 10. Bd2 Bd6 11. Qb3 Rb8 12. Bg2 a6 13. g5 dxc4 14. Qxc4 Nd5 15. h4
Qc7 16. Rc1 N7b6 17. Qe2 Nxc3 18. bxc3 c5 19. c4 Qe7 20. Rb1 Bc7 21. Kf1 e5 22.
Ba5 Nc8 23. Bxc7 Qxc7 24. dxe5 Qxe5 25. f4 Qc7 26. h5 Nd6 27. hxg6 Rxh1+ 28.
Bxh1 fxg6 29. Kf2 Kf8 30. Bd5 b5 31. Qc2 Nf5 32. Rh1 Qd6 33. Qe4 Nh6 34. gxh6
gxh6 35. Rxh6 1-0

[Event "3rd Al Ain Chess Classic"]
[Site "Al-Ain UAE"]
[Date "2014.12.19"]
[Round "1.37"]
[White "Mayed, AlRashedi"]
[Black "Bajarani, Ulvi"]
[Result "0-1"]
[WhiteTitle "FM"]
[BlackTitle "GM"]
[WhiteElo "1908"]
[BlackElo "2494"]
[WhiteFideId "9303871"]
[BlackFideId "13403028"]
[EventDate "2014.12.19"]

1. e4 e6 2. d4 d5 3. Nd2 Be7 4. e5 c5 5. c3 Nc6 6. Ngf3 cxd4 7. cxd4 Qb6 8. Nb3
a5 9. a4 Bb4+ 10. Bd2 Bxd2+ 11. Kxd2 Qb4+ 12. Ke3 Nge7 13. Bd3 f6 14. exf6 gxf6
15. Re1 e5 16. Bb5 Bg4 17. h3 Nf5+ 18. Ke2 Bxf3+ 19. Kxf3 Qxb3+ 20. Ke2 Nxd4+
21. Kf1 Qxd1 22. Raxd1 Kf7 0-1

[Event "3rd Al Ain Chess Classic"]
[Site "Al-Ain UAE"]
[Date "2014.12.19"]
[Round "1.38"]
[White "Shyam, Sundar M."]
[Black "Soyunlu, Narmin"]
[Result "1-0"]
[WhiteTitle "GM"]
[WhiteElo "2484"]
[BlackElo "1878"]
[WhiteFideId "5019141"]
[BlackFideId "13400843"]
[EventDate "2014.12.19"]

1. e4 e6 2. d4 d5 3. Nd2 Nf6 4. e5 Nfd7 5. Bd3 c5 6. c3 Nc6 7. Ne2 cxd4 8. cxd4
f6 9. exf6 Nxf6 10. Nf3 Bd6 11. Bf4 Bxf4 12. Nxf4 O-O 13. O-O Ne4 14. Qc1 Qd6
15. Ne2 e5 16. dxe5 Nxe5 17. Nxe5 Qxe5 18. f3 Nd6 19. Qc3 Qe3+ 20. Rf2 Bf5 21.
Rd1 Rad8 22. Qd4 Rfe8 23. g4 Bd7 24. Kg2 Qxd4 25. Nxd4 Re3 26. Rc2 Rc8 27. Rxc8+
Nxc8 28. Kf2 Re8 29. Rc1 Nb6 30. Rc7 Bc8 31. a4 Rf8 32. a5 Na8 33. Re7 g6 34.
Ke3 Rf7 35. Re8+ Rf8 36. Rxf8+ Kxf8 37. Nb5 Bd7 38. Nxa7 Nc7 39. Kd4 Ke7 40. Kc5
Ne6+ 41. Kxd5 Nf4+ 42. Kc4 Nxd3 43. Kxd3 Kd6 44. Kd4 Ba4 45. Nc8+ Kc6 46. g5 Bd1
47. f4 Bg4 48. Na7+ 1-0

[Event "3rd Al Ain Chess Classic"]
[Site "Al-Ain UAE"]
[Date "2014.12.19"]
[Round "1.39"]
[White "Ali Rashid, Ali"]
[Black "Arun Prasad, S."]
[Result "0-1"]
[BlackTitle "GM"]
[WhiteElo "1799"]
[BlackElo "2482"]
[WhiteFideId "9304762"]
[BlackFideId "5011167"]
[EventDate "2014.12.19"]

1. d4 Nf6 2. Nf3 d5 3. g3 c6 4. Bg2 Bg4 5. O-O Nbd7 6. c4 e6 7. Nc3 Be7 8. h3
Bh5 9. g4 Bg6 10. Nh4 Qc7 11. Nxg6 hxg6 12. e4 Nxe4 13. Nxe4 dxe4 14. Qb3 O-O-O
15. g5 e5 16. dxe5 Nxe5 17. Bxe4 Rd4 18. Bg2 Rd3 19. Qc2 Nf3+ 20. Bxf3 Rxf3 21.
Qe4 Rhxh3 22. Qg4+ Kb8 23. Qg2 Bc5 24. Re1 Qd6 25. Be3 Bxe3 0-1

[Event "3rd Al Ain Chess Classic"]
[Site "Al-Ain UAE"]
[Date "2014.12.19"]
[Round "1.40"]
[White "Babujian, Levon"]
[Black "Hamdan, Marshool"]
[Result "1-0"]
[WhiteTitle "GM"]
[WhiteElo "2471"]
[BlackElo "1763"]
[WhiteFideId "13301993"]
[BlackFideId "9303804"]
[EventDate "2014.12.19"]

1. e4 c5 2. Nc3 Nc6 3. Bb5 Nd4 4. Nf3 Nxb5 5. Nxb5 a6 6. Nc3 d6 7. d4 cxd4 8.
Qxd4 Bg4 9. Be3 Bxf3 10. gxf3 Nf6 11. O-O-O Rc8 12. e5 Ng8 13. Rhe1 b5 14. Qa7
b4 15. exd6 Nf6 16. Ne4 exd6 17. Nxf6+ gxf6 18. Bb6+ 1-0

[Event "3rd Al Ain Chess Classic"]
[Site "Al-Ain UAE"]
[Date "2014.12.19"]
[Round "1.41"]
[White "Abdulla, Ali"]
[Black "Sagar, Shah"]
[Result "0-1"]
[WhiteElo "1747"]
[BlackElo "2468"]
[WhiteFideId "9302336"]
[BlackFideId "5022509"]
[EventDate "2014.12.19"]

1. d4 Nf6 2. c4 e6 3. Nc3 Bb4 4. e3 c5 5. Bd3 Nc6 6. Ne2 cxd4 7. exd4 d5 8. O-O
dxc4 9. Bxc4 O-O 10. Bb5 Ne7 11. Qc2 Ned5 12. Rd1 Bd7 13. Nxd5 Nxd5 14. Bd3 Qh4
15. Ng3 Bd6 16. Qe2 f5 17. Nf1 Rf6 18. Bc4 Bc6 19. Rd3 Rg6 20. f3 b5 21. Bxd5
Bxd5 22. Qf2 Qh5 23. Bd2 Bc4 24. Rc3 Bxf1 25. Kxf1 Qxh2 26. Rac1 h6 27. f4 Qh1+
28. Qg1 Qh4 29. Rc8+ Rxc8 30. Rxc8+ Kh7 31. Qf2 Qh1+ 32. Qg1 Qh5 33. Rc1 Rg3 34.
Re1 Rd3 35. Be3 Bb4 0-1

[Event "3rd Al Ain Chess Classic"]
[Site "Al-Ain UAE"]
[Date "2014.12.19"]
[Round "1.42"]
[White "Vishnu Prasanna, V"]
[Black "Ahmad, Alzarovni"]
[Result "1-0"]
[WhiteTitle "GM"]
[WhiteElo "2463"]
[BlackElo "1721"]
[WhiteFideId "5030692"]
[BlackFideId "9302301"]
[EventDate "2014.12.19"]

1. d4 d5 2. c4 c6 3. Nf3 Nf6 4. Nc3 dxc4 5. a4 Bf5 6. e3 e6 7. Bxc4 Bb4 8. O-O
Qa5 9. Qe2 Nbd7 10. e4 Bg4 11. h3 Bxf3 12. Qxf3 O-O 13. e5 Nd5 14. Nxd5 cxd5 15.
Bd3 Rfe8 16. Qe2 Qd8 17. f4 1-0

[Event "3rd Al Ain Chess Classic"]
[Site "Al-Ain UAE"]
[Date "2014.12.19"]
[Round "1.43"]
[White "Ali, Abdulaziz"]
[Black "Bakre, Tejas"]
[Result "0-1"]
[BlackTitle "GM"]
[WhiteElo "1718"]
[BlackElo "2454"]
[WhiteFideId "9304347"]
[BlackFideId "5004195"]
[EventDate "2014.12.19"]

1. e4 c5 2. Nf3 d6 3. d4 cxd4 4. Nxd4 Nf6 5. Nc3 Nc6 6. Bg5 e6 7. Qd2 a6 8.
O-O-O Bd7 9. f4 b5 10. a3 Be7 11. e5 dxe5 12. Nxc6 Bxc6 13. Qxd8+ Rxd8 14. Rxd8+
Bxd8 15. fxe5 Nd7 16. Bxd8 Kxd8 17. Bd3 Nxe5 18. Be4 Kc7 19. Rd1 Bd7 20. g3 g5
21. Re1 h5 22. Bg2 Nc4 23. a4 f5 24. Bf1 h4 25. g4 fxg4 26. axb5 axb5 27. Bxc4
bxc4 28. Re4 g3 29. Rxc4+ Kd8 30. hxg3 h3 31. Ne4 h2 32. Nf2 Rf8 0-1

[Event "3rd Al Ain Chess Classic"]
[Site "Al-Ain UAE"]
[Date "2014.12.19"]
[Round "1.44"]
[White "Das, Sayantan"]
[Black "Al-Zaruoni, Fahad"]
[Result "1-0"]
[WhiteTitle "IM"]
[BlackTitle "CM"]
[WhiteElo "2444"]
[BlackElo "1654"]
[WhiteFideId "5034426"]
[BlackFideId "9300660"]
[EventDate "2014.12.19"]

1. e4 c6 2. d4 d5 3. Nc3 dxe4 4. Nxe4 Nf6 5. Nxf6+ exf6 6. Bc4 Be6 7. Bxe6 fxe6
8. Nf3 Bd6 9. Qe2 Qe7 10. O-O O-O 11. Re1 Re8 12. c4 c5 13. d5 exd5 14. Qd1 Be5
15. Nxe5 fxe5 16. Qxd5+ Kh8 17. Be3 Na6 18. a3 Rad8 19. Qe4 b6 20. h3 Nc7 21.
Bf4 Qf7 22. Bxe5 Rd4 23. Qf3 Qxf3 24. gxf3 Rd7 25. Bxc7 Rf8 26. Bg3 h6 27. Re3 1-0

[Event "3rd Al Ain Chess Classic"]
[Site "Al-Ain UAE"]
[Date "2014.12.19"]
[Round "1.45"]
[White "Atakishiyev, Elmar"]
[Black "Hayrapetyan, Hovik"]
[Result "0-1"]
[BlackTitle "GM"]
[WhiteElo "1648"]
[BlackElo "2441"]
[WhiteFideId "13410547"]
[BlackFideId "13302639"]
[EventDate "2014.12.19"]

1. e4 c5 2. Nf3 e6 3. d4 cxd4 4. Nxd4 a6 5. Bd3 Nf6 6. O-O Qc7 7. Qe2 d6 8. b3
Nbd7 9. Bb2 g6 10. Nd2 Bg7 11. c4 O-O 12. Rad1 b6 13. Kh1 Bb7 14. f4 e5 15. fxe5
Nxe5 16. N4f3 Nfd7 17. Nxe5 dxe5 18. Nb1 Nc5 19. Bc2 Ne6 20. Qe3 b5 21. Bd3 b4
22. Nd2 a5 23. a4 Qc5 24. Qxc5 Nxc5 25. Bc2 Rad8 26. Rfe1 f6 27. Kg1 Bh6 28. Bc1
Rd7 29. Nf1 Rxd1 30. Rxd1 Bxc1 31. Rxc1 Bxe4 32. Bxe4 Nxe4 33. Rd1 Nc5 34. Rd5
Nxb3 35. Ne3 Kf7 36. Rd7+ Ke6 37. Rxh7 Rd8 38. Nd5 Nd2 39. Nc7+ Kf5 40. c5 Ne4
41. g4+ Kxg4 42. Ne6 Rd1+ 43. Kg2 Rd2+ 44. Kf1 Rc2 45. Rc7 Kf3 46. Ke1 0-1

[Event "3rd Al Ain Chess Classic"]
[Site "Al-Ain UAE"]
[Date "2014.12.19"]
[Round "1.46"]
[White "Pourramezanali, Amirreza"]
[Black "Talibov, Uzeyir"]
[Result "1-0"]
[WhiteTitle "IM"]
[WhiteElo "2427"]
[BlackElo "1577"]
[WhiteFideId "12511412"]
[BlackFideId "13414011"]
[EventDate "2014.12.19"]

1. d4 d5 2. Nf3 Nf6 3. Bf4 Nc6 4. e3 Bf5 5. c4 e6 6. Nc3 a6 7. Be2 Be7 8. O-O
O-O 9. Nh4 Bg6 10. Nxg6 hxg6 11. cxd5 Nxd5 12. Bg3 Nxc3 13. bxc3 Bf6 14. Rb1 Rb8
15. Bf3 Qe7 16. Qa4 b5 17. Qb3 Na5 18. Qb4 Nc4 19. Rfd1 Na3 20. Rb3 Qxb4 21.
cxb4 Nc4 22. Bxc7 Rbc8 23. Bg3 e5 24. Bb7 Rb8 25. Bd5 Rbc8 26. dxe5 Bxe5 27.
Bxe5 Nxe5 28. f4 Nc4 29. Rc3 Rfd8 30. e4 Nb2 31. Rdc1 Rxc3 32. Rxc3 Na4 33. Rc7
Rf8 34. Rc6 Ra8 35. Rxg6 Rc8 36. Rxa6 Rc1+ 37. Kf2 Rc2+ 38. Kf3 Rb2 39. Ra8+ Kh7
40. Bxf7 Rxb4 41. f5 Rd4 42. Bg6+ Kh6 43. h4 1-0

[Event "3rd Al Ain Chess Classic"]
[Site "Al-Ain UAE"]
[Date "2014.12.19"]
[Round "1.47"]
[White "Ahmed Mohamed Qayed"]
[Black "Gagare, Shardul"]
[Result "0-1"]
[BlackTitle "IM"]
[WhiteElo "1551"]
[BlackElo "2411"]
[WhiteFideId "9314261"]
[BlackFideId "5037883"]
[EventDate "2014.12.19"]

1. e4 c6 2. d4 d5 3. exd5 cxd5 4. Bd3 Nc6 5. c3 Qc7 6. Ne2 Bg4 7. Bf4 Qd7 8. Qc2
Rc8 9. O-O Nb4 10. Qd2 Nxd3 11. Qxd3 Bf5 12. Qf3 Nf6 13. Ng3 Bg6 14. Nd2 e6 15.
Rfe1 Be7 16. Be5 O-O 17. Bxf6 Bxf6 18. Qg4 Qb5 19. Nb3 a5 20. a4 Qxb3 21. h4
Qxb2 22. h5 Bf5 23. Nxf5 exf5 24. Qxf5 h6 25. Rac1 Rxc3 26. Rb1 Qd2 27. Qxd5
Bxd4 28. Qf5 Rc5 29. Qf3 Qc2 30. Rxb7 Rf5 31. Qe2 Bxf2+ 32. Kh1 Qxe2 33. Rxe2
Rxh5# 0-1

[Event "3rd Al Ain Chess Classic"]
[Site "Al-Ain UAE"]
[Date "2014.12.19"]
[Round "1.48"]
[White "Petrosyan, Manuel"]
[Black "Amini, Hossein Ali"]
[Result "1-0"]
[WhiteTitle "FM"]
[WhiteElo "2407"]
[BlackElo "1521"]
[WhiteFideId "13300857"]
[BlackFideId "11201584"]
[EventDate "2014.12.19"]

1. c4 c5 2. Nf3 Nc6 3. Nc3 Nf6 4. e3 d5 5. d4 e6 6. cxd5 Nxd5 7. Bd3 cxd4 8.
exd4 Bb4 9. Bd2 a6 10. O-O O-O 11. Qe2 Be7 12. Rad1 Nxc3 13. bxc3 Qc7 14. Qe4 g6
15. Ng5 h6 16. Nh3 e5 17. Bxh6 Bf5 18. Qf3 Bxd3 19. Rxd3 Rfd8 20. d5 Na5 21. Ng5
Bxg5 22. Bxg5 Re8 23. Qf6 e4 24. Rh3 1-0

[Event "3rd Al Ain Chess Classic"]
[Site "Al-Ain UAE"]
[Date "2014.12.19"]
[Round "1.49"]
[White "Mohamed, Marshool"]
[Black "Karavade, Eesha"]
[Result "0-1"]
[BlackTitle "IM"]
[WhiteElo "1518"]
[BlackElo "2392"]
[WhiteFideId "9306552"]
[BlackFideId "5012600"]
[EventDate "2014.12.19"]

1. e4 c5 2. Nf3 d6 3. Bb5+ Nd7 4. d4 cxd4 5. Nxd4 Nf6 6. Nc3 g6 7. f3 Bg7 8. Be3
a6 9. Be2 Qc7 10. O-O O-O 11. Qd2 Ne5 12. Bh6 Bxh6 13. Qxh6 Qb6 14. Qd2 Nc6 15.
Kh1 Qxd4 16. Qg5 Qc5 17. Qd2 b5 18. a3 Be6 19. Rad1 Ne5 20. f4 Nc4 21. Bxc4 Bxc4
22. Rf3 Be6 23. b4 Qc8 24. f5 gxf5 25. Qg5+ Kh8 26. exf5 Bd7 27. Rd4 Rg8 28. Qe3
Bc6 29. Rg3 Rxg3 30. hxg3 Qxf5 0-1

[Event "3rd Al Ain Chess Classic"]
[Site "Al-Ain UAE"]
[Date "2014.12.19"]
[Round "1.50"]
[White "Tologontegin, Semetey"]
[Black "Jasmeher, Singh Kathuria"]
[Result "1-0"]
[WhiteTitle "FM"]
[WhiteElo "2391"]
[BlackElo "1500"]
[WhiteFideId "13800574"]
[BlackFideId "25092120"]
[EventDate "2014.12.19"]

1. g3 d5 2. Bg2 c6 3. d3 e5 4. Nf3 Bd6 5. O-O f5 6. c4 Nf6 7. cxd5 cxd5 8. Bg5
h6 9. Bxf6 Qxf6 10. Qb3 Qf7 11. Nc3 Be6 12. Nb5 Bc7 13. Nxc7+ Qxc7 14. Nxe5 O-O
15. Bxd5 Bxd5 16. Qxd5+ Kh7 17. Rac1 Qe7 18. Qc5 Re8 19. d4 Nd7 20. Qxe7 Rxe7
21. Rc7 Rd8 22. Rxb7 Kg8 23. Nc6 Ree8 24. Nxd8 Rxd8 25. Rxa7 Nb6 26. Rc1 Rd7 27.
Rxd7 Nxd7 28. a4 1-0

[Event "3rd Al Ain Chess Classic"]
[Site "Al-Ain UAE"]
[Date "2014.12.19"]
[Round "1.51"]
[White "Mosallam, Mohammad"]
[Black "Lazarev, Vladimir"]
[Result "0-1"]
[BlackTitle "GM"]
[WhiteElo "1486"]
[BlackElo "2387"]
[WhiteFideId "9308709"]
[BlackFideId "4113250"]
[EventDate "2014.12.19"]

1. e4 c5 2. Nf3 d6 3. d4 cxd4 4. Nxd4 Nf6 5. Nc3 a6 6. Bg5 e6 7. Qd2 b5 8. a3
Bb7 9. Bd3 Nbd7 10. O-O Be7 11. Rfe1 O-O 12. Kh1 Rc8 13. Nf3 Qc7 14. Rad1 Rfd8
15. Bf4 Ne5 16. Bxe5 dxe5 17. Qc1 Ng4 18. Kg1 Bc5 19. Re2 Qb6 20. Rf1 Bxa3 21.
bxa3 Rxc3 22. Qg5 Nf6 23. Qxe5 Rxa3 24. Qb2 Ra4 25. c4 Rxd3 0-1